000
00316nam a22001337a 4500
999
_c
15287
_d
15287
020
_a
978-1-1386-2805-2
082
_a
664.09
_b
ROB/FO
100
_a
Robertson, Gordon L.
_9
2928
245
_a
Food Packaging: Principles and Practice
250
_a
3
260
_a
India
_b
CRC Press
_c
2017
300
_a
703
942
_c
BK